🚋 Bordeaux : les terminus du réseau TBM - Statistiques

Statistiques générales
  • Ce quiz a Ă©tĂ© pris 84 fois
    43 depuis la dernière actualisation
  • Le rĂ©sultat moyen est 42 sur 155
Statistiques - réponses
Hint Réponse % Correct
32 | E FLOIRAC Dravemont
67%
F MERIGNAC Aéroport
67%
78 | B PESSAC Centre
61%
BORDEAUX Quinconces
56%
A LE HAILLAN Rostand
50%
F BEGLES Gare
44%
BORDEAUX Gare Saint-Jean
44%
BORDEAUX Gare-Saint-Jean
44%
H CENON Gare
44%
D EYSINES Cantinolle
44%
16 | 34 MERIGNAC Les Pins
44%
SAINT-AUBIN Villepreux
44%
G SAINT-MEDARD Issac
44%
E BLANQUEFORT Gare
39%
B BORDEAUX Berges de la Garonne
39%
D BORDEAUX Carle Vernet
39%
B BORDEAUX Claveau
39%
31 GRADIGNAN Beausoleil
39%
B PESSAC France Alouette
39%
89 | C VILLENAVE Pyrénées
39%
BEGLES Rives d'Arcins
33%
20 | 54 BORDEAUX Brulatour
33%
BORDEAUX Centre Commercial du Lac
33%
25 BORDEAUX Cité du Vin
33%
33 | 35 | 53 BORDEAUX Cracovie
33%
51 BORDEAUX Gambetta
33%
C BORDEAUX Parc des Expositions
33%
BORDEAUX Stalingrad
33%
24 BOULIAC Centre Commercial
33%
23 | 73 LE BOUSCAT Hippodrome
33%
2 LE TAILLAN La Boétie
33%
1 MERIGNAC Beaudésert
33%
MERIGNAC Cimetière Intercommunal
33%
PESSAC Cap de Bos
33%
PESSAC Romainville
33%
VILLENAVE Piscine Chambéry
33%
7 AMBARES Parabelle
28%
57 | A BASSENS CARBON-BLANC La Gardette
28%
9 BORDEAUX Brandenburg
28%
28 BORDEAUX Galin
28%
BORDEAUX HĂ´pital Pellegrin
28%
BORDEAUX Porte de Bourgogne
28%
30 SAINT-MEDARD Galaxie
28%
VILLENAVE Courréjean
28%
AMBES Saint-Exupéry
22%
ARTIGUES Blancherie
22%
5 BORDEAUX Bassins Ă  Flot
22%
4 BORDEAUX Gambetta Mériadeck
22%
BORDEAUX Gambetta-Mériadeck
22%
BORDEAUX République
22%
74 | 80 GRADIGNAN Stade Ornon
22%
B1 LORMONT Bas
22%
TALENCE Peixotto
22%
VILLENAVE Collège Chambéry
22%
AMBARES Centre
17%
65 ARTIGUES Tout-y-Faut
17%
85 BEGLES Salengro
17%
BLANQUEFORT Frankton
17%
BORDEAUX Meca (Paludate)
17%
72 | 75 BRUGES Gare
17%
BRUGES Zone de Fret
17%
8 GRADIGNAN Centre
17%
27 LE BOUSCAT Place Ravezies
17%
71 LE TAILLAN Lycée Sud Médoc
17%
LORMONT Buttinière
17%
26 MARTIGNAS Les Pins
17%
MERIGNAC BA 106
17%
MERIGNAC Fontaine d'Arlac
17%
MERIGNAC Phare
17%
PESSAC Toctoucau
17%
39 SAINT MEDARD ZA Picot
17%
84 SAINT-MEDARD ZA Picot
17%
90 VILLENAVE Gare
17%
61 AMBES Escarraguel
11%
60 BASSENS La Chenaie
11%
BEGLES Port de Bègles
11%
38 BLANQUEFORT Caychac
11%
79 BLANQUEFORT Ecoparc
11%
B3 BORDEAUX Benauge
11%
B2 BORDEAUX Les Hangars
11%
BORDEAUX Patinoire
11%
BOULIAC La Belle Etoile
11%
70 EYSINES Lycée Charles Péguy
11%
82 LE BOUSCAT HĂ´pital Suburbain
11%
LE HAILLAN Collège Emile Zola
11%
81 LE TAILLAN Stade Municipal
11%
MERIGNAC Barbusse
11%
MERIGNAC Lycée Daguin
11%
22 | 52 PAREMPUYRE Fontanieu
11%
76 PAREMPUYRE Landegrand
11%
77 PESSAC Candau
11%
PESSAC ZA Magellan
11%
SAINT-AUBIN Lycée Sud Médoc
11%
83 SAINT-AUBIN Pinsoles
11%
VILLENAVE Lycée Vaclav Havel
11%
AMBARES Bernatet
6%
69 AMBARES Max Linder
6%
64 ARTIGUES Fontderode
6%
BORDEAUX Jardin Botanique
6%
66 LORMONT Lauriers
6%
MARTIGNAS Collège Aliénor d'Aquitaine
6%
PESSAC Bougnard
6%
29 SAINT-LOUIS Belle Rive
6%
AMBARES Quinsus
0%
PAREMPUYRE Bourdillot
0%
Aucun quiz correspondant
Distribution des résultats
% des personnes avec chaque résultat
Percentile par nombre de réponses
Votre historique - résultats
Vous n’avez pas pris ce quiz depuis la dernière actualisation